|
|
|
|
| LEADER |
01475nam a2200289 u 4500 |
| 001 |
10048227 |
| 003 |
upatras |
| 005 |
20250403112709.0 |
| 008 |
030926s1999 gr gre |
| 020 |
|
|
|a 9601501622
|
| 040 |
|
|
|a GR-PaULI
|b gre
|c GR-PaULI
|e AACR2
|
| 041 |
0 |
|
|a gre
|
| 082 |
0 |
4 |
|2 23
|a 352.140 949 5
|
| 100 |
1 |
|
|a Χλέπας, Νικόλαος-Κομνηνός,
|d 1961-
|e συγγραφέας
|9 39751
|
| 245 |
1 |
2 |
|a Η τοπική διοίκηση στην Ελλάδα :
|b ο διαλεκτικός ανταγωνισμός της αποκέντρωσης με την αυτοδιοίκηση /
|c Ν.-Κ. Χλέπας.
|
| 260 |
|
|
|a Αθήνα :
|b Σάκκουλας,
|c 1999.
|
| 300 |
|
|
|a 488 σ. ;
|c 21 εκ.
|
| 490 |
1 |
|
|a Διοίκηση και πολιτεία : μελέτες ;
|v 23
|
| 504 |
|
|
|a Περιλαμβάνει βιβλιογραφικές παραπομπές.
|
| 650 |
|
4 |
|a Τοπική αυτοδιοίκηση
|z Ελλάδα.
|9 3671
|
| 650 |
|
4 |
|a Αποκέντρωση στη διοίκηση
|z Ελλάδα.
|9 146968
|
| 830 |
|
0 |
|9 202945
|a Διοίκηση και πολιτεία. Μελέτες
|v 23
|
| 852 |
|
|
|a GR-PaULI
|b ΠΑΤΡΑ
|b ΠΤΔΕ
|k ΑΣΧΕ
|h 320.8 ΧΛΕ
|m 8405
|p 025000133763
|t 1
|
| 942 |
|
|
|2 ddc
|c BK
|
| 952 |
|
|
|0 0
|1 0
|2 ddc
|4 0
|6 352_140000000000000_949_5_ΧΛΕ
|7 0
|9 38963
|a PTDE
|b PTDE
|d 2016-04-24
|i 8405
|l 0
|o 352.140 949 5 ΧΛΕ
|p 025000133763
|r 2016-04-24 00:00:00
|t 1
|w 2016-04-24
|y BK15
|
| 998 |
|
|
|c ΤΣΕΝΕ
|d 2003-09
|
| 999 |
|
|
|c 25036
|d 25036
|